Pierre Garnier - Tout en mieux [paroles] - Statistiques

Statistiques générales
  • Ce quiz a été pris 34 fois
  • Le résultat moyen est 76 sur 93
Statistiques - réponses
Réponse % Correct
en
100%
ma
100%
m’a
100%
mieux
100%
tout
100%
belle
96%
histoire
96%
nous
96%
plus
96%
t’es
96%
tes
96%
ce
93%
jusqu’à
93%
la
93%
l’amour
93%
que
93%
rire
93%
sépare
93%
à
89%
et
89%
je
89%
on
89%
ami
86%
appris
86%
est
86%
jamais
86%
le
86%
moi
86%
pas
86%
pour
86%
ton
86%
toujours
86%
va
86%
yeux
86%
aimer
82%
connais
82%
connaît
82%
dans
82%
dit
82%
fin
82%
fin”
82%
mais
82%
mon
82%
monde
82%
pire
82%
pourquoi
82%
qu’il
82%
si
82%
tu
82%
veut
82%
vie
82%
délire
79%
deux
79%
était
79%
être
79%
fallait
79%
j’comprends
79%
j’préfère
79%
qu’aimer
79%
quand
79%
quelqu’un
79%
seul
79%
bien
75%
ça
75%
choisir
75%
devenu
75%
dire
75%
ils
75%
“ils
75%
l’réveil
75%
m’obliger
75%
moins
75%
notes
75%
potes
75%
sonnait
75%
sous
75%
un
75%
conseils
71%
d’amis
71%
des
71%
flotte
71%
j’te
71%
l’soleil
71%
m’demandais
71%
pareils
71%
répondais
71%
s’aimèrent
71%
s’marrait
71%
une
71%
pleurait
68%
eurent
64%
personne
64%
dis-moi
54%
Aucun quiz correspondant
Distribution des résultats
% des personnes avec chaque résultat
Percentile par nombre de réponses
Votre historique - résultats
Vous n’avez pas pris ce quiz